[Event "2006 Standard Chess Dropout Tournament, Round 3"]
[Site "SchemingMind.com"]
[Date "2006.07.11"]
[Round "3"]
[White "bluerabbit"]
[Black "naughtypawn"]
[Result "0-1"]
[WhiteCountry "NZL"]
[BlackCountry "ESP"]
[WhiteElo "1764"]
[WhiteRD "86"]
[BlackElo "1963"]
[BlackRD "104"]
[GameID "59269"]

1. d4 d5 2. Bg5 Nf6 3. Bxf6 exf6 4. e3 Be6 5. Bd3 c5 6. Bb5+ Nc6 7. c3 Qb6 8. Qe2 a6 9. Bxc6+ bxc6 10. Nf3 Bd6
11. O-O O-O 12. b3 Rfe8 13. Nbd2 Bf5 14. c4 cxd4 15. Nxd4 Qxd4 16. exd4 Rxe2 17. Nf3 dxc4 18. bxc4 c5 19. Rfe1 Rae8 20. dxc5 Bxc5
21. Rxe2 Rxe2 22. Rd1 Rxa2 23. Rd8+ Bf8 24. h3 Be6 25. Nd4 Bxc4 26. Nf5 g6 27. Nd6 Be6 28. g4 a5 29. f4 Rd2
0-1

[Event "2006 Standard Chess Dropout Tournament, Round 3"]
[Site "SchemingMind.com"]
[Date "2006.07.11"]
[Round "3"]
[White "boojiboy"]
[Black "mkefeli"]
[Result "1/2-1/2"]
[WhiteCountry "USA"]
[BlackCountry "TUR"]
[WhiteElo "1827"]
[WhiteRD "76"]
[BlackElo "1895"]
[BlackRD "78"]
[GameID "59270"]

1. e4 c5 2. Nf3 Nc6 3. d4 cxd4 4. Nxd4 Nf6 5. Nc3 e5 6. Ndb5 d6 7. Bg5 a6 8. Na3 b5 9. Bxf6 gxf6 10. Nd5 Bg7
11. c3 Ne7 12. Nc2 f5 13. exf5 Bxf5 14. Bd3 Be6 15. Nxe7 Qxe7 16. Be4 Rc8 17. Ne3 O-O 18. Qh5 h6 19. Bf5 Qg5 20. Qxg5 hxg5
21. Bxe6 fxe6 22. O-O d5 23. Ng4 Rf4 24. h3= b4 25. g3 Rfc4 26. Ne3 Re4 27. cxb4 Rxb4 28. b3 e4 29. Rac1 Rbb8 30. Rfd1 Bb2
31. Rb1 Be5 32. Rbc1 Kf7 33. Kf1 Rc3 34. Rxc3 Bxc3 35. Rc1 Rc8 36. Nd1 d4 37. Nxc3 dxc3 38. Ke2 Kf6 39. Ke3 Ke5 40. a3 Rf8
41. Rxc3 Rf3+ 42. Kd2 Rxf2+ 43. Ke3 Rf3+ 44. Kd2= Kd4 45. Rxf3 exf3 46. h4 gxh4 47. gxh4 e5 48. h5 e4 49. h6 e3+ 50. Ke1 Kd3
51. h7 f2+ 52. Kf1 Kd2 53. h8=Q e2+ 54. Kxf2 e1=Q+ 55. Kf3 Qe3+ 56. Kg4 Qe6+ 57. Kf4 Qd6+ 58. Qe5 Qxa3 59. Qe3+= Kc2 60. Qe2+ Kxb3
61. Qd3+ Kb2 62. Qe2+ Kb1 63. Qe4+= Ka1 64. Qe1+ Ka2 65. Qe2+ Kb3 66. Qd3+= Ka2 67. Qe2+ Kb1=
1/2-1/2

[Event "2006 Standard Chess Dropout Tournament, Round 3"]
[Site "SchemingMind.com"]
[Date "2006.07.11"]
[Round "3"]
[White "bopl"]
[Black "griffimv"]
[Result "0-1"]
[WhiteCountry "USA"]
[BlackCountry "INT"]
[WhiteElo "1883"]
[WhiteRD "99"]
[BlackElo "2171"]
[BlackRD "77"]
[GameID "59271"]

1. d4 Nf6 2. Nf3 g6 3. c4 Bg7 4. Nc3 d5 5. Qb3 dxc4 6. Qxc4 O-O 7. e4 Bg4 8. Be2 Nfd7 9. O-O Bxf3 10. Bxf3 Nc6
11. e5 Nb6 12. Qc5 Qxd4 13. Qxd4 Nxd4 14. Bxb7 Rab8 15. Be4 Bxe5 16. Bg5 Nc4 17. b3 Ne6 18. Bxe7 Nd2 19. Bxf8 Bxc3 20. Rac1 Nxe4
21. Bh6 Nd4 22. Kh1 Ba5 23. f3 Nc3 24. Bd2 Nxa2 25. Bxa5 Nxc1 26. Bxc7 Re8 27. Rxc1 Nxb3 28. Rb1 a5 29. Kg1 a4 30. Kf2 Rc8
31. Bd6 Rc2+ 32. Kg3 f6 33. Ba3 Ra2 34. Bd6 Nd4 35. Rb6 Nf5+ 36. Kh3 Nxd6 37. Rxd6 Kg7 38. Rd7+ Kh6 39. Ra7 g5 40. Kg3 Kg6
41. Ra6 a3 42. h3 Ra1 43. f4 a2 44. fxg5 Kxg5 45. Kh2 h5 46. Ra5+= f5 47. g3 Kf6 48. Kg2 Ke6 49. Kf2 Rh1
0-1

[Event "2006 Standard Chess Dropout Tournament, Round 3"]
[Site "SchemingMind.com"]
[Date "2006.07.11"]
[Round "3"]
[White "Brendan Joseph Birt"]
[Black "rabbit"]
[Result "0-1"]
[WhiteCountry "USA"]
[BlackCountry "USA"]
[WhiteElo "1886"]
[WhiteRD "91"]
[BlackElo "2026"]
[BlackRD "89"]
[GameID "59272"]

1. e4 e5 2. f4 exf4 3. Nf3 g5 4. Bc4 g4 5. O-O gxf3 6. Qxf3 Qf6 7. e5 Qxe5 8. d3 Bh6 9. Nc3 Ne7 10. Bd2 Nbc6
11. Rae1 Qf5 12. Nd5 Kd8 13. Bc3 Rg8 14. Nxe7 Nxe7 15. Re5 Qg6 16. Rfe1 Bg5 17. Qe2 Bh4 18. Rxe7 Bxe1 19. Rxf7 Re8 20. Qf3 Bxc3
21. bxc3 Qb6+ 22. d4 Qb1+ 23. Bf1 d6 24. Qxf4 Be6 25. Qf6+ Kc8 26. Re7 Bd7 27. Rxh7 Qxa2 28. h4 Qxc2 29. Qf7 Qf5 30. Bd3 Qxf7
31. Rxf7 Be6 32. Rg7 a5 33. h5 a4 34. h6 a3 35. Bb1 a2 36. Bxa2 Rxa2
0-1

[Event "2006 Standard Chess Dropout Tournament, Round 3"]
[Site "SchemingMind.com"]
[Date "2006.07.12"]
[Round "3"]
[White "budi"]
[Black "Brendan Joseph Birt"]
[Result "1-0"]
[WhiteCountry "INA"]
[BlackCountry "USA"]
[WhiteElo "2007"]
[WhiteRD "111"]
[BlackElo "1886"]
[BlackRD "91"]
[GameID "59273"]

1. Nf3 f5 2. c4 Nf6 3. g3 e6 4. Bg2 d5 5. O-O Be7 6. d4 O-O 7. b3 c6 8. Bb2 Ne4 9. Ne5 Nd7 10. Nd3 Ndf6
11. Nd2 Bd7 12. f3 Nd6 13. c5 Nf7 14. e4 fxe4 15. fxe4 dxe4 16. Nxe4 Nd5 17. Qe2 Qc7 18. a3 Ng5 19. Ne5 Nxe4 20. Bxe4 Rxf1+
21. Rxf1 Rf8 22. Qh5 Rxf1+ 23. Kxf1 Nf6 24. Bxh7+
1-0

[Event "2006 Standard Chess Dropout Tournament, Round 3"]
[Site "SchemingMind.com"]
[Date "2006.07.11"]
[Round "3"]
[White "C. H. O'D. Schlechter"]
[Black "Quirine"]
[Result "1/2-1/2"]
[WhiteCountry "USA"]
[BlackCountry "NED"]
[WhiteElo "2310"]
[WhiteRD "68"]
[BlackElo "1943"]
[BlackRD "75"]
[GameID "59274"]

1. d4 Nf6 2. c4 g6 3. Nc3 Bg7 4. e4 d6 5. Nf3 O-O 6. Be2 e5 7. O-O Nc6 8. d5 Ne7 9. b4 a5 10. Ba3 Nh5
11. c5 f5 12. b5 Nf4 13. b6 fxe4 14. bxc7 Qxc7 15. Ng5 Nf5 16. Ngxe4 Nxe2+ 17. Qxe2 Nd4 18. Qb2 Rd8 19. Rfe1 dxc5 20. Bxc5 b5
21. Nxb5 Qb7 22. a4 Nxb5 23. axb5 Rxd5 24. Nd6 Qc7 25. Rac1 Be6 26. b6 Qd7 27. b7 Rb8 28. Ba7 Qxd6 29. Bxb8 Qxb8 30. Qb3 Kf7
31. Rc7+ Qxc7 32. b8=Q Qxb8 33. Qxb8 Bf6 34. Qa7+ Bd7 35. Qa8 Be6 36. h3 h5 37. Rc1 Bd8 38. Qb7+ Rd7 39. Qe4 Rd5 40. Rc6 Bf6
41. f4 a4 42. Qxa4 Rd7 43. Qa6 Re7 44. f5 gxf5 45. Qe2 Kg6 46. Qf3 Re8 47. Rc7 Rd8 48. Qg3+ Kh6 49. Rc6 Re8 50. Qe3+ Kg6
51. g3 Re7 52. Qb6 Kf7 53. h4 e4 54. Qe3 Kg7 55. Kf2=
1/2-1/2

[Event "2006 Standard Chess Dropout Tournament, Round 3"]
[Site "SchemingMind.com"]
[Date "2006.07.11"]
[Round "3"]
[White "Chess Tiger"]
[Black "pjl1015"]
[Result "1/2-1/2"]
[WhiteCountry "GER"]
[BlackCountry "USA"]
[WhiteElo "2300"]
[WhiteRD "69"]
[BlackElo "2159"]
[BlackRD "164"]
[GameID "59276"]

1. d4 d5 2. Nf3 Bf5 3. c4 e6 4. Nc3 Nc6 5. cxd5 exd5 6. Bf4 Nf6 7. e3 Nh5 8. Bg5 Be7 9. Nh4 Bg6 10. Nxg6 fxg6
11. Bxe7 Nxe7 12. Be2 Nf6 13. Qb3 Rb8 14. O-O c6 15. Rfd1 a5 16. a3 b5 17. f3 O-O 18. e4 Nh5 19. g3 Nf6 20. Rac1 b4
21. axb4 Rxb4 22. Qa3 dxe4 23. fxe4 Rxd4 24. Qc5 Rd7 25. Ra1 Kh8 26. Rxd7 Nxd7 27. Qxa5 Qb8 28. Rd1 Ne5 29. Na4 Ng8 30. Qc3 Nf6
31. Nc5 Re8 32. Rd4 Nf7 33. Rb4 Qa7 34. Rb7 Qa1+ 35. Kg2 Nd6 36. Rc7 h5 37. Rxc6 Nfxe4 38. Nxe4 Nxe4 39. Qc2 Qe1 40. Bd3 h4
41. Rc8 h3+ 42. Kxh3 Nf2+ 43. Kg2 Qh1+ 44. Kxf2= Qxh2+ 45. Kf3 Qh1+ 46. Kf2 Qh2+ 47. Kf3=
1/2-1/2

[Event "2006 Standard Chess Dropout Tournament, Round 3"]
[Site "SchemingMind.com"]
[Date "2006.07.12"]
[Round "3"]
[White "CuriousShadow"]
[Black "AaronB"]
[Result "1-0"]
[WhiteCountry "USA"]
[BlackCountry "USA"]
[WhiteElo "2044"]
[WhiteRD "167"]
[BlackElo "1590"]
[BlackRD "71"]
[GameID "59277"]

1. e4 c6 2. d4 d5 3. Nc3 dxe4 4. Nxe4 Bf5 5. Ng3 Bg6 6. Nf3 Nd7 7. Bd3 e6 8. O-O Ngf6 9. Re1 Be7 10. Qe2 Qc7
11. Bg5 Bxd3 12. Qxd3 O-O 13. Rad1 h6 14. Bc1 Rfd8 15. Qb3 Nb6 16. c3 Rd5 17. Ne5 Rad8 18. Ne2 Rb5 19. Qc2 a5 20. c4 Rb4
21. a3
1-0

[Event "2006 Standard Chess Dropout Tournament, Round 3"]
[Site "SchemingMind.com"]
[Date "2006.07.11"]
[Round "3"]
[White "danielchess"]
[Black "markagodfrey"]
[Result "1/2-1/2"]
[WhiteCountry "ARG"]
[BlackCountry "GBR"]
[WhiteElo "2053"]
[WhiteRD "102"]
[BlackElo "2158"]
[BlackRD "75"]
[GameID "59278"]

1. e4 e6 2. d4 d5 3. Nc3 Bb4 4. e5 c5 5. a3 Bxc3+ 6. bxc3 Ne7 7. h4 Qc7 8. Rh3 Nbc6 9. h5 cxd4 10. cxd4 h6
11. g4 Bd7 12. Rc3 Rc8 13. Bd3 Qa5 14. Bd2 Qa4 15. Nf3 Nxd4 16. Rxc8+ Bxc8 17. Bb4 Nxf3+ 18. Qxf3 Nc6 19. Bd6 Qd4 20. O-O-O Qa1+
21. Kd2 Qb2 22. Qf4 Nd4 23. Ke1 Bd7 24. Kf1 Nb5 25. Qb4 Qxb4 26. Bxb4 Bc6 27. f4 b6 28. a4 Nc7 29. a5 Bb5 30. axb6 axb6
31. Ke2 Bxd3+ 32. Kxd3 Kd7 33. Ra1 Kc6 34. Ra7 Rg8 35. f5 f6 36. exf6 gxf6 37. fxe6 Nxe6 38. Rf7 Nc5+ 39. Bxc5 Kxc5 40. Rxf6 Rxg4
41. Rxh6 Rg3+ 42. Kd2 d4 43. Rh8 Rh3 44. h6 Kc4 45. h7 Rh2+ 46. Ke1 Kb5 47. Kf1 Kb4 48. Kg1 Rh5 49. Kg2 Rh4 50. Kg3 Rh6
51. Kf4 Rh1 52. Ke5=
1/2-1/2

[Event "2006 Standard Chess Dropout Tournament, Round 3"]
[Site "SchemingMind.com"]
[Date "2006.07.16"]
[Round "3"]
[White "dfan"]
[Black "saxon"]
[Result "0-1"]
[WhiteCountry "USA"]
[BlackCountry "GER"]
[WhiteElo "1816"]
[WhiteRD "104"]
[BlackElo "2263"]
[BlackRD "98"]
[GameID "59279"]

1. d4 Nf6 2. c4 e6 3. Nf3 b6 4. e3 Bb7 5. Bd3 c5 6. O-O Be7 7. Nc3 cxd4 8. exd4 d5 9. cxd5 Nxd5 10. Ne5 O-O
11. Qh5 Nf6 12. Qh4 Ne4 13. Qh3 Qxd4 14. Bf4 Nf6 15. Ne2 Qa4 16. Bg5 g6 17. Nf4 Nc6 18. b3 Qa3 19. Nxc6 Bxc6 20. Qh4 Nd5
21. Nxd5 Bxg5 22. Qxg5 Bxd5
0-1

[Event "2006 Standard Chess Dropout Tournament, Round 3"]
[Site "SchemingMind.com"]
[Date "2006.07.11"]
[Round "3"]
[White "e_castle3"]
[Black "CuriousShadow"]
[Result "0-1"]
[WhiteCountry "PHI"]
[BlackCountry "USA"]
[WhiteElo "1796"]
[WhiteRD "64"]
[BlackElo "2032"]
[BlackRD "169"]
[GameID "59280"]

1. e4 c5 2. Nf3 Nc6 3. Bc4 e6 4. O-O d5 5. exd5 exd5 6. Re1+ Be7 7. Bf1 Nf6 8. d4 O-O 9. dxc5 Bg4 10. h3 Bh5
11. Bg5 Bxc5 12. Bxf6 Qxf6 13. c3 Rad8 14. g4 Bg6 15. b4 Bb6 16. b5 Be4 17. Nbd2 Ne5 18. Be2 Nxf3+ 19. Nxf3 Qxc3 20. Ng5 Qg3+
0-1

[Event "2006 Standard Chess Dropout Tournament, Round 3"]
[Site "SchemingMind.com"]
[Date "2006.07.11"]
[Round "3"]
[White "eHowitzer"]
[Black "the gadget"]
[Result "1-0"]
[WhiteCountry "CAN"]
[BlackCountry "ENG"]
[WhiteElo "2154"]
[WhiteRD "94"]
[BlackElo "2007"]
[BlackRD "87"]
[GameID "59281"]

1. c4 Nf6 2. Nf3 b6 3. g3 c5 4. Bg2 Bb7 5. O-O g6 6. Nc3 Bg7 7. d4 cxd4 8. Nxd4 Bxg2 9. Kxg2 Qc7 10. b3 Nc6
11. Bb2 O-O 12. e4 a6 13. f4 e6 14. e5 Ng4 15. Re1 Qd6 16. exd6
1-0

[Event "2006 Standard Chess Dropout Tournament, Round 3"]
[Site "SchemingMind.com"]
[Date "2006.07.11"]
[Round "3"]
[White "Erhaem"]
[Black "pedrinho"]
[Result "1-0"]
[WhiteCountry "NED"]
[BlackCountry "GBR"]
[WhiteElo "2013"]
[WhiteRD "61"]
[BlackElo "1799"]
[BlackRD "95"]
[GameID "59282"]

1. d4 f5 2. Nf3 Nf6 3. g3 g6 4. Bg2 Bg7 5. O-O O-O 6. c4 d6 7. Nc3 Nc6 8. d5 Ne5 9. Nxe5 dxe5 10. e4 e6
11. Qb3 fxe4 12. Bg5 exd5 13. cxd5 Kh8 14. Nxe4 Qxd5 15. Bxf6 Qxb3 16. Bxg7+ Kxg7 17. axb3 Bf5 18. Nc5 Rab8 19. Bxb7 Bc8 20. Bxc8 Rbxc8
21. Ne6+
1-0

[Event "2006 Standard Chess Dropout Tournament, Round 3"]
[Site "SchemingMind.com"]
[Date "2006.07.11"]
[Round "3"]
[White "fer_even"]
[Black "Chess Tiger"]
[Result "1-0"]
[WhiteCountry "ARG"]
[BlackCountry "GER"]
[WhiteElo "2272"]
[WhiteRD "80"]
[BlackElo "2296"]
[BlackRD "78"]
[GameID "59283"]

1. d4 d5 2. c4 e6 3. Nc3 Nf6 4. cxd5 exd5 5. Bg5 Nbd7 6. e3 c6 7. Bd3 Be7 8. Qc2 O-O 9. Nf3 Re8 10. O-O Nf8
11. h3 g6 12. Bh6 Ne6 13. Ne5 Ng7 14. g4 Nd7 15. f4 Nf8 16. f5 f6 17. Nf3 Qc7 18. Kf2 Bd6 19. Rac1 Qe7 20. e4 gxf5
21. gxf5
1-0

[Event "2006 Standard Chess Dropout Tournament, Round 3"]
[Site "SchemingMind.com"]
[Date "2006.07.11"]
[Round "3"]
[White "Gambiteer"]
[Black "albear"]
[Result "1-0"]
[WhiteCountry "ENG"]
[BlackCountry "ENG"]
[WhiteElo "2069"]
[WhiteRD "68"]
[BlackElo "1721"]
[BlackRD "84"]
[GameID "59284"]

1. d4 d5 2. c4 c6 3. Nf3 Nf6 4. Nc3 Bf5 5. e3 e6 6. Ne5 Bb4 7. Qb3 Bxc3+ 8. bxc3 O-O 9. Qxb7 Nbd7 10. Nxc6 Qb6
11. Qxb6 Nxb6 12. Ne7+ Kh8 13. Nxf5 exf5 14. c5 Na4 15. c4 dxc4 16. Bxc4 Nc3 17. Bd2 Nfe4 18. f3 Nxd2 19. Kxd2 Na4 20. Bb3 Nxc5
21. dxc5 Rac8 22. Rac1 Rfd8+ 23. Ke2 Rc7 24. Rhd1
1-0

[Event "2006 Standard Chess Dropout Tournament, Round 3"]
[Site "SchemingMind.com"]
[Date "2006.07.11"]
[Round "3"]
[White "Gordon"]
[Black "simon_w"]
[Result "1-0"]
[WhiteCountry "ENG"]
[BlackCountry "IRL"]
[WhiteElo "2287"]
[WhiteRD "76"]
[BlackElo "1573"]
[BlackRD "75"]
[GameID "59285"]

1. e4 e5 2. f4 exf4 3. Nf3 g5 4. h4 g4 5. Ne5 Nf6 6. Bc4 d5 7. exd5 Qe7 8. d4 f3 9. Nc3 fxg2 10. Rg1 Nh5
11. Bg5 f6 12. d6 cxd6 13. Bf7+ Qxf7 14. Nxf7 Kxf7 15. Be3 Nc6 16. Rxg2 f5 17. Qd2 h6 18. O-O-O Bg7 19. Nd5 a5 20. Nb6 Ra6
21. Nxc8 Rxc8 22. Bxh6 Rb6 23. Bxg7 Nxg7 24. Qf4 Nb4 25. b3 a4 26. Rxg4 Rxc2+ 27. Kb1 a3 28. Rxg7+ Kxg7 29. Rg1+ Kf6 30. Qh6+
1-0

[Event "2006 Standard Chess Dropout Tournament, Round 3"]
[Site "SchemingMind.com"]
[Date "2006.07.11"]
[Round "3"]
[White "griffimv"]
[Black "John Elburg"]
[Result "1-0"]
[WhiteCountry "INT"]
[BlackCountry "NED"]
[WhiteElo "2232"]
[WhiteRD "78"]
[BlackElo "2192"]
[BlackRD "91"]
[GameID "59286"]

1. e4 c5 2. Nf3 Nc6 3. Bb5 e6 4. O-O Nge7 5. c3 a6 6. Ba4 b5 7. Bc2 Bb7 8. Qe2 Ng6 9. d4 cxd4 10. cxd4 Be7
11. Nc3 O-O 12. Be3 Rc8 13. Rac1 Na5 14. Nd2 f5 15. f4 fxe4 16. Ncxe4 Nh4 17. Bf2 Bd5 18. g3 Nf5 19. Nc3 Bb7 20. d5 exd5
21. Qd3 d4 22. Ne2 Nc6 23. a3 Qe8 24. Nf3 Qh5 25. Nexd4 Ncxd4 26. Nxd4 Nxd4 27. Bxd4 Kh8 28. Bd1 Qh3 29. Bf3 Rxc1 30. Rxc1 Bxf3
31. Qxf3 Qe6= 32. Qc3 Bf6 33. Bxf6 gxf6 34. Re1 Qd5 35. Re3 Qd1+ 36. Kf2 Qh1 37. h4 Qh2+ 38. Kf3 d5 39. Re1 a5 40. Qd4 Qc2
41. Rd1 b4 42. axb4 axb4 43. Rd2 Qg6 44. Kf2 Rg8 45. Rd3 Rd8 46. g4 h5 47. f5 Qg7 48. g5 Rf8 49. g6 Qc7 50. Kg2 Qc2+
51. Kh3 Qb1 52. Qe3 Qh1+ 53. Kg3 Kg8 54. Rd4 b3 55. Rd3 Qe4 56. Qxe4 dxe4 57. Rxb3 Re8 58. Kf4 Kf8 59. Ke3 Re5 60. Rb8+ Kg7
61. Rb7+ Kg8 62. b4 Rxf5 63. Kxe4 Re5+ 64. Kf4 Rd5 65. b5 Re5 66. b6 Re6 67. Kf5 Rc6 68. g7 Kh7 69. g8=Q+ Kxg8 70. Kg6 f5+
71. Kxh5 Re6 72. Kg5 f4 73. Kxf4 Rc6 74. Ke5 Kf8 75. Kd5
1-0

[Event "2006 Standard Chess Dropout Tournament, Round 3"]
[Site "SchemingMind.com"]
[Date "2006.07.12"]
[Round "3"]
[White "Harold"]
[Black "e_castle3"]
[Result "1/2-1/2"]
[WhiteCountry "GBR"]
[BlackCountry "PHI"]
[WhiteElo "1455"]
[WhiteRD "79"]
[BlackElo "1814"]
[BlackRD "66"]
[GameID "59287"]

1. e4 g6 2. d4 Bg7 3. c3 Nf6 4. e5 Nd5 5. c4 Nb6 6. Nc3 d6 7. Nf3 O-O 8. Be2 Bg4 9. Be3 c6 10. O-O Bxf3
11. Bxf3 dxe5 12. dxe5 Bxe5 13. Be2 N8d7 14. c5 Nc8 15. Qb3 Qc7 16. g3 e6 17. Ne4 Nf6 18. Nxf6+ Bxf6 19. Rad1 Ne7 20. Bf4 Qc8
21. Bd6 Rd8 22. Rd3 Nf5 23. Rfd1 Nxd6 24. cxd6 Rd7 25. Rf3 Bg7 26. Qb4 Qf8 27. Re3 Rad8 28. b3 b6 29. Bf3 c5 30. Qa4 a5
31. Qb5 Rxd6 32. Rxd6 Rxd6 33. Rd3 Rxd3 34. Qxd3 Bf6 35. Qb5 Qd6 36. Bc6 Qc7 37. Be8 Kg7 38. Qd3 Qd8 39. Qxd8 Bxd8 40. f4 f6
41. Bd7 Kf7 42. Kf2 Ke7 43. Bb5 Kd6 44. Kf3 h6 45. Bc4 Bc7 46. Ke4 g5 47. f5 e5 48. g4 Bd8 49. h3 Be7 50. Ke3 Kc6
51. a4 Bd6 52. Ke4 Bc7=
1/2-1/2

[Event "2006 Standard Chess Dropout Tournament, Round 3"]
[Site "SchemingMind.com"]
[Date "2006.07.11"]
[Round "3"]
[White "harsh"]
[Black "Archr"]
[Result "1-0"]
[WhiteCountry "IND"]
[BlackCountry "USA"]
[WhiteElo "1913"]
[WhiteRD "77"]
[BlackElo "1636"]
[BlackRD "76"]
[GameID "59288"]

1. e4 e5 2. f4 exf4 3. Nf3 g5 4. h4 g4 5. Ne5 Nf6 6. Bc4 d5 7. exd5 Bd6 8. d4 Nh5 9. Nc3 Qe7 10. Bb5+ Bd7
11. Qxg4 Bxb5 12. Qxh5 O-O 13. Nxb5 Bxe5 14. dxe5 Qb4+ 15. Nc3 Nd7 16. Qg4+ Kh8 17. Qxd7
1-0

[Event "2006 Standard Chess Dropout Tournament, Round 3"]
[Site "SchemingMind.com"]
[Date "2006.07.11"]
[Round "3"]
[White "hobasileus"]
[Black "Sebastian Strauchler"]
[Result "0-1"]
[WhiteCountry "NIR"]
[BlackCountry "ARG"]
[WhiteElo "1521"]
[WhiteRD "94"]
[BlackElo "2092"]
[BlackRD "77"]
[GameID "59289"]

1. d4 d5 2. c4 e6 3. e3 Nf6 4. Nc3 c5 5. Nf3 Nc6 6. Bd3 cxd4 7. exd4 Be7 8. O-O dxc4 9. Bxc4 O-O 10. Re1 a6
11. h3 b5 12. Bd3 Nb4 13. Bf4 Nxd3 14. Qxd3 Bb7 15. Bg5 b4 16. Bxf6 Bxf6 17. Ne4 Rc8 18. Rac1 Bxe4 19. Qxe4 Qa5 20. Rxc8 Rxc8
21. Qb7 Rd8 22. Ne5 Bxe5 23. Rxe5 Qxa2 24. Qb6 Rc8 25. Rc5 Ra8 26. Qxb4 h6 27. Qc3 Rb8 28. Rc8+ Rxc8 29. Qxc8+= Kh7 30. Qc2+ g6
31. Qc7= Qb1+ 32. Kh2= Qf5 33. f4= g5 34. fxg5= hxg5 35. Qg3 Kg6 36. b4 Qe4 37. Qd6 g4 38. h4 Kh5 39. g3 Qe2+ 40. Kg1 Kg6
0-1

[Event "2006 Standard Chess Dropout Tournament, Round 3"]
[Site "SchemingMind.com"]
[Date "2006.08.07"]
[Round "3"]
[White "hph46"]
[Black "rwc"]
[Result "1-0"]
[WhiteCountry "GER"]
[BlackCountry "USA"]
[WhiteElo "1948"]
[WhiteRD "152"]
[BlackElo "1767"]
[BlackRD "113"]
[GameID "59290"]

1. e4 e5 2. Nf3 Nf6 3. Nxe5 d6 4. Nf3 Nxe4 5. Nc3 d5 6. Qe2 Be7 7. Nxe4 dxe4 8. Qxe4 O-O 9. Bd3 g6 10. O-O Nc6
11. Qa4 Nb4 12. Be2 Qd5 13. c3 Bd7 14. Qb3 Qxb3 15. axb3 Nc2 16. Ra2 Bf5 17. b4 Be6 18. b3 Bxb3 19. Rb2 Ba4 20. Bd1 Bb5
21. Bxc2 Bxf1 22. Kxf1 Rfe8 23. Ra2
1-0

[Event "2006 Standard Chess Dropout Tournament, Round 3"]
[Site "SchemingMind.com"]
[Date "2006.07.11"]
[Round "3"]
[White "Ilang"]
[Black "latvija"]
[Result "1-0"]
[WhiteCountry "HUN"]
[BlackCountry "USA"]
[WhiteElo "2163"]
[WhiteRD "75"]
[BlackElo "2011"]
[BlackRD "92"]
[GameID "59291"]

1. e4 e5 2. Nf3 f5 3. Nxe5 Qf6 4. d4 d6 5. Nc4 fxe4 6. Nc3 Qg6 7. f3 exf3 8. Qxf3 Nf6 9. Bd3 Qg4 10. Qe3+ Be7
11. O-O Rf8 12. h3 Qh5 13. Nb5 Na6 14. Bd2 d5 15. Rae1 Ne4 16. Bxe4 Rxf1+ 17. Kxf1 Qf7+ 18. Kg1 dxc4 19. Bd5 Qf8 20. Qg3 h6
21. Bb4 Nxb4 22. Qxc7 Be6 23. Bxe6
1-0

[Event "2006 Standard Chess Dropout Tournament, Round 3"]
[Site "SchemingMind.com"]
[Date "2006.07.14"]
[Round "3"]
[White "Sebastian Strauchler"]
[Black "hph46"]
[Result "1/2-1/2"]
[WhiteCountry "ARG"]
[BlackCountry "GER"]
[WhiteElo "2056"]
[WhiteRD "82"]
[BlackElo "2058"]
[BlackRD "124"]
[GameID "59293"]

1. e4 e5 2. Nf3 Nc6 3. Bb5 a6 4. Ba4 Nf6 5. O-O Be7 6. Re1 b5 7. Bb3 O-O 8. c3 d6 9. h3 Na5 10. Bc2 c5
11. d4 cxd4 12. cxd4 Bb7 13. Nbd2 Rc8 14. d5 Nd7 15. Nf1 f5 16. exf5 Nc4 17. Ne3 Nxe3 18. fxe3 Qb6 19. b4 Bf6 20. Rb1 Rfe8
21. Bb2 Kh8 22. Bb3 Rf8 23. Kh1 e4 24. Nd4 Ne5 25. Ne6 Nd3 26. Bxf6 Rxf6 27. Qh5 Nxe1 28. Rxe1 h6 29. Qg4 Rg8 30. Qxe4 a5
31. bxa5 Qxa5 32. Rf1 Qd2 33. Qf3 g6 34. Qf4 gxf5 35. Rf2 Qd3 36. Qd4 Qxd4 37. Nxd4 Rg3 38. Rxf5 Kg7 39. Rf3 Rfxf3 40. gxf3 Rxh3+
41. Kg2 Rh5 42. e4 b4 43. f4 Kf6 44. Nc2 Rh4 45. Kg3 Rh1 46. Nxb4 Re1 47. Kf3 h5 48. Nd3 Rg1 49. e5+ Ke7 50. Nf2 h4
51. exd6+ Kd7 52. f5 Kxd6 53. f6 Rg8 54. Ne4+ Ke5 55. f7 Rf8 56. Ng5 Kf5 57. Ne4 Ba8 58. Nd6+=
1/2-1/2

[Event "2006 Standard Chess Dropout Tournament, Round 3"]
[Site "SchemingMind.com"]
[Date "2006.07.11"]
[Round "3"]
[White "KaliYuga"]
[Black "pattSir"]
[Result "0-1"]
[WhiteCountry "IRL"]
[BlackCountry "GER"]
[WhiteElo "1929"]
[WhiteRD "65"]
[BlackElo "2130"]
[BlackRD "94"]
[GameID "59295"]

1. d4 Nf6 2. c4 c5 3. Nf3 cxd4 4. Nxd4 e5 5. Nf3 e4 6. Nd4 d5 7. e3 Bd6 8. Nc3 O-O 9. cxd5 Nbd7 10. Be2 Nb6
11. Ndb5 Be5 12. f4 exf3 13. Bxf3 a6 14. Nd4 Re8 15. e4 Nbxd5 16. Nxd5 Nxd5 17. O-O Nb6 18. Be3 Nc4 19. Qe2 Nxe3
0-1

[Event "2006 Standard Chess Dropout Tournament, Round 3"]
[Site "SchemingMind.com"]
[Date "2006.07.12"]
[Round "3"]
[White "Katarrov"]
[Black "bopl"]
[Result "1-0"]
[WhiteCountry "ESP"]
[BlackCountry "USA"]
[WhiteElo "2164"]
[WhiteRD "89"]
[BlackElo "1861"]
[BlackRD "97"]
[GameID "59296"]

1. e4 d6 2. d4 Nf6 3. Nc3 c6 4. f4 d5 5. e5 Ne4 6. Nxe4 dxe4 7. Bc4 e6 8. Nh3 Be7 9. O-O O-O 10. Be3 Nd7
11. c3 Nb6 12. Bb3 Nd5 13. Qe2 f5 14. exf6 gxf6 15. Bd2 f5 16. Rae1 Kh8 17. Kh1 Bd7 18. c4 Nf6 19. Bc3 Ng4 20. Qd2 Bf6
21. Bd1 Nh6 22. Ng5 Rg8 23. Re3 Bxg5 24. fxg5 Rxg5 25. d5+ e5 26. Bxe5+ Kg8 27. Bf4 Rg6 28. Rb3 Ng4 29. Bxg4 Rxg4 30. Rxb7 Qe8
31. d6 Qe6 32. c5 Qc4 33. Rf2 Qe6 34. b4 a6 35. a4 Qe8 36. Qd4 Qf7 37. Bc1 Qe6 38. Bb2 Qf7 39. Qh8#
1-0

[Event "2006 Standard Chess Dropout Tournament, Round 3"]
[Site "SchemingMind.com"]
[Date "2006.07.11"]
[Round "3"]
[White "Kid A"]
[Black "harsh"]
[Result "1-0"]
[WhiteCountry "FIN"]
[BlackCountry "IND"]
[WhiteElo "1779"]
[WhiteRD "104"]
[BlackElo "1825"]
[BlackRD "86"]
[GameID "59297"]

1. e4 e5 2. Nf3 Nc6 3. Bb5 a6 4. Ba4 Nf6 5. O-O Be7 6. Re1 b5 7. Bb3 d6 8. c3 Na5 9. Bc2 c5 10. d4 Bg4
11. dxe5 Bxf3 12. Qxf3 dxe5 13. Be3 Nc4 14. Bc1 O-O 15. b3 Na5 16. Be3 Qc7 17. Nd2 h6 18. Nf1 Nb7 19. Ng3 Nd6 20. Rad1 Rac8
21. h3 Qa5 22. Nf5 Nxf5 23. Qxf5 Qxc3 24. Bb1 Rfd8 25. Rc1 Qb2 26. g4 g6 27. Qf3 Kg7 28. Kg2 c4 29. Re2 Qa3 30. Rec2 Rd3
31. bxc4 b4 32. Qe2 Rd7 33. f4 Nxe4 34. fxe5 Nc3 35. Qf3 Rd3 36. Bxh6+ Kxh6 37. Qxd3 Nxb1 38. Qd7 b3 39. axb3 Rd8 40. Qa7 Nd2
41. Rd1 Bg5 42. h4 Bf4 43. Qxf7 Be3 44. g5+ Kh5 45. Qh7+ Kg4 46. Qxg6 Qxb3 47. Rcxd2 Rxd2+ 48. Rxd2 Bxd2 49. Qe4+
1-0